000
00334nam a2200145Ia 4500
100
_a
Philips
650
_a
Electrical Engineering
942
_c
BK
654
_a
Basic Colour T.V
245
_a
Basic Colour T.V Figure Book
260
_b
Radio Electronic & T.V Mfg. Ass.
082
_a
621.3
_b
Phi
546
_a
ENGLISH
999
_c
19932
_d
19932